Surrounded by vampires : (Record no. 1774)

000 -LEADER
fixed length control field 02267nam a2200313 i 4500
001 - CONTROL NUMBER
control field 23134355
003 - CONTROL NUMBER IDENTIFIER
control field OSt
005 - DATE AND TIME OF LATEST TRANSACTION
control field 20260210125857.0
008 - FIXED-LENGTH DATA ELEMENTS--GENERAL INFORMATION
fixed length control field 230518s2023 nyua b 001 0 eng d
020 ## - INTERNATIONAL STANDARD BOOK NUMBER
International Standard Book Number 9781785043994
Qualifying information paperback
040 ## - CATALOGING SOURCE
Original cataloging agency DLC
Language of cataloging eng
Description conventions rda
Transcribing agency DLC
Modifying agency DLC
-- uoc
041 1# - LANGUAGE CODE
Language code of text/sound track or separate title eng
Language code of original swe
082 00 - DEWEY DECIMAL CLASSIFICATION NUMBER
Classification number 158.2
Edition number 23
Item number THO
100 1# - MAIN ENTRY--PERSONAL NAME
Personal name Erikson, Thomas,
Dates associated with a name 1965-
Relator term author.
9 (RLIN) 4223
240 10 - UNIFORM TITLE
Uniform title Omgiven av energitjuvar.
Language of a work English
245 10 - TITLE STATEMENT
Title Surrounded by vampires :
Remainder of title how to slay the time, Energy, and soul suckers in your life /
Statement of responsibility, etc. Thomas Erikson.
250 ## - EDITION STATEMENT
Edition statement First United States of America edition.
Remainder of edition statement Multi-million-copy bestselling author of Surrounded by idiots.
264 #1 - PRODUCTION, PUBLICATION, DISTRIBUTION, MANUFACTURE, AND COPYRIGHT NOTICE
Place of production, publication, distribution, manufacture London:
Name of producer, publisher, distributor, manufacturer Vermilion,
Date of production, publication, distribution, manufacture, or copyright notice 2023.
264 #4 - PRODUCTION, PUBLICATION, DISTRIBUTION, MANUFACTURE, AND COPYRIGHT NOTICE
Date of production, publication, distribution, manufacture, or copyright notice © Thomas Erikson 2023.
300 ## - PHYSICAL DESCRIPTION
Extent xi, 348 pages :
Other physical details illustrations ;
Dimensions 21 cm.
336 ## - CONTENT TYPE
Content type term text
Content type code txt
Source rdacontent
337 ## - MEDIA TYPE
Media type term unmediated
Media type code n
Source rdamedia
338 ## - CARRIER TYPE
Carrier type term volume
Carrier type code nc
Source rdacarrier
504 ## - BIBLIOGRAPHY, ETC. NOTE
Bibliography, etc. note Includes index.
520 ## - SUMMARY, ETC.
Summary, etc. "Vanquish the energy thieves in your life and at work. Are there people in your life that leave you feeling drained, depleted, and just exhausted? Twenty minutes with these people and you feel as if you've just run a marathon. They demand limitless time, emotional support, attention, or affirmation; you dread interacting with them but don't know how to change the dynamic. You've just encountered a real-life vampire. Dracula has nothing on these ubiquitous social villains who take-time, energy, attention, emotional capacity- without reciprocating, and leave you too exhausted to protest. Energy vampires can be people, situations, or even your own mindset, but in Surrounded by Energy Vampires, internationally best-selling author Thomas Erikson identifies the different types of energy vampires and offers practical tools, fun self-assessments, and relatable stories to help you combat them. Using the same simple, four-color behavior that made Surrounded by Idiots a runaway bestseller, Surrounded by Energy Vampires will help you slay the energy sucking interactions in your life whether they're lurking at the office, amongst your friends, or in your own home"--
Assigning source Provided by publisher.
650 #0 - SUBJECT ADDED ENTRY--TOPICAL TERM
Topical term or geographic name entry element Interpersonal conflict.
650 #0 - SUBJECT ADDED ENTRY--TOPICAL TERM
Topical term or geographic name entry element Interpersonal relations.
942 ## - ADDED ENTRY ELEMENTS (KOHA)
Source of classification or shelving scheme
Koha item type Book
Holdings
Withdrawn status Lost status Source of classification or shelving scheme Damaged status Not for loan Permanent location Current location Date acquired Total Checkouts Full call number Barcode Date last seen Price effective from Koha item type Total Renewals Date last checked out
          UofCanada Library UofCanada Library 01/26/2026   158.2 THO/NB 00002614 01/26/2026 01/26/2026 NB-Book    
          UofCanada Library UofCanada Library 02/10/2026   158.2 THO 00002767 02/10/2026 02/10/2026 Book    
          UofCanada Library UofCanada Library 02/10/2026 1 158.2 THO 00002768 03/03/2026 02/10/2026 Book 2 02/25/2026